000 00508nam a2200193 i 4500
001 bg
100 1 _aFRADIN, A. Z.
245 0 _aIzmerenija parametrov antenno-fidernych ustroistv /
_cA. Z. Fradin, E. W. Ryżkow.
250 _aIzd. 2 dopol.
260 _aMoskwa :
_bIzdat. "Svjaz'",
_c1972.
300 _as. 531 :
_bilustr.
504 _abibliogr.
700 1 _aRYŻKOW, E. W.
040 _cBPK
041 _apol
080 _a621.396.67
942 _cKS
008 s pl f |000 0 pol
999 _c14982
_d14982